[Event "Asia Cup U14"]
[Site "Shenzhen"]
[Date "2019.12.25"]
[Round "8.1"]
[White "Yin, Richard"]
[Black "Jin, Yueheng"]
[Result "0-1"]
[WhiteElo "1427"]
[BlackElo "1924"]
[PlyCount "94"]
[EventDate "2019.12.19"]
[EventType "team-tourn"]
[EventRounds "9"]
[EventCountry "CHN"]
[SourceTitle "CBM 194 Extra"]
[Source "ChessBase"]
[SourceDate "2020.03.31"]
[SourceVersion "1"]
[SourceVersionDate "2020.03.31"]
[SourceQuality "1"]
[WhiteTeam "Hong Kong II"]
[BlackTeam "China"]
[WhiteTeamCountry "HKG"]
[BlackTeamCountry "CHN"]

1. e4 c6 2. d4 d5 3. Nc3 dxe4 4. Nxe4 Nf6 5. Nxf6+ exf6 6. Nf3 Bd6 7. Be2 0-0 8. 0-0 Re8 9. c4 Nd7 10. b3 Nf8 11. Bd3 Ng6 12. h3 Be6 13. Qc2 Qd7 14. Bb2 Bxh3 15. Bxg6 hxg6 16. Nh2 Bf5 17. Qd2 g5 18. g3 Be4 19. f3 Bg6 20. f4 Qh3 21. Qf2 gxf4 22. gxf4 Re3 23. Nf3 Bxf4 24. Bc1 Re4 25. Qg2 Qxg2+ 26. Kxg2 Bxc1 27. Raxc1 Re2+ 28. Rf2 Rae8 29. Rd1 Bh5 30. Rd2 Bxf3+ 31. Kxf3 Rxf2+ 32. Kxf2 g5 33. Kf3 Kg7 34. a4 Kg6 35. b4 f5 36. b5 g4+ 37. Kg2 f4 38. a5 cxb5 39. cxb5 Rd8 40. b6 axb6 41. axb6 Rd6 42. d5 Kf5 43. Kf2 f6 44. Rd4 Ke5 45. Rc4 Rxb6 46. d6 Rxd6 47. Rb4 Rd2+ 0-1

[Event "Asia Cup U14"]
[Site "Shenzhen"]
[Date "2019.12.23"]
[Round "6.1"]
[White "Yin, Richard"]
[Black "Xue, Haowen"]
[Result "0-1"]
[WhiteElo "1427"]
[BlackElo "1909"]
[PlyCount "116"]
[EventDate "2019.12.19"]
[EventType "team-tourn"]
[EventRounds "9"]
[EventCountry "CHN"]
[SourceTitle "CBM 194 Extra"]
[Source "ChessBase"]
[SourceDate "2020.03.31"]
[SourceVersion "1"]
[SourceVersionDate "2020.03.31"]
[SourceQuality "1"]
[WhiteTeam "Hong Kong II"]
[BlackTeam "China III"]
[WhiteTeamCountry "HKG"]
[BlackTeamCountry "CHN"]

1. e4 c5 2. Nf3 d6 3. d4 Nf6 4. Nc3 cxd4 5. Nxd4 a6 6. Be2 e5 7. Nb3 Be7 8. 0-0 0-0 9. Be3 Be6 10. f4 exf4 11. Bxf4 Nc6 12. Kh1 Rc8 13. Nd4 Nxd4 14. Qxd4 Qc7 15. Qe3 Nd7 16. Rad1 Ne5 17. Qg3 Bf6 18. Bh6 Qe7 19. Bf4 Rfd8 20. Rd2 Bh4 21. Qe3 Ng6 22. g3 Bf6 23. Nd5 Bxd5 24. exd5 Qxe3 25. Bxe3 Bxb2 26. c4 Ba3 27. Rb1 Re8 28. Rd3 Bc5 29. Bg4 Ne5 30. Bxc8 Nxd3 31. Bxc5 Nxc5 32. Bxb7 Rb8 33. Rb6 Nxb7 34. a4 a5 35. Kg2 Kf8 36. Kf3 Ke7 37. Ke3 Kd7 38. Kf4 f6 39. Kf5 Ke7 40. h3 g6+ 41. Kf4 h6 42. Kf3 f5 43. Kf2 g5 44. Kg2 h5 45. Kf2 f4 46. Kf3 fxg3 47. Kxg3 g4 48. hxg4 hxg4 49. Kxg4 Rg8+ 50. Kf5 Nc5 51. Rb1 Rf8+ 52. Kg6 Rf4 53. Rc1 Nxa4 54. Kg5 Re4 55. Kf5 Nc5 56. Ra1 Re5+ 57. Kf4 a4 58. Rh1 Re4+ 0-1

[Event "Asia Cup U14"]
[Site "Shenzhen"]
[Date "2019.12.21"]
[Round "4.1"]
[White "Yin, Richard"]
[Black "Daneshvar, Bardiya"]
[Result "0-1"]
[WhiteElo "1427"]
[BlackElo "2330"]
[PlyCount "74"]
[EventDate "2019.12.19"]
[EventType "team-tourn"]
[EventRounds "9"]
[EventCountry "CHN"]
[SourceTitle "CBM 194 Extra"]
[Source "ChessBase"]
[SourceDate "2020.03.31"]
[SourceVersion "1"]
[SourceVersionDate "2020.03.31"]
[SourceQuality "1"]
[WhiteTeam "Hong Kong II"]
[BlackTeam "Iran"]
[WhiteTeamCountry "HKG"]
[BlackTeamCountry "IRI"]

1. e4 e6 2. d4 d5 3. Nc3 Bb4 4. e5 b6 5. Qg4 Kf8 6. a3 Bxc3+ 7. bxc3 Ne7 8. Qh4 Ba6 9. Nh3 Bxf1 10. Rxf1 c5 11. Be3 Nbc6 12. g4 Kg8 13. f4 h5 14. Ng5 Qe8 15. Rg1 hxg4 16. Qxg4 Nf5 17. Bf2 cxd4 18. cxd4 Nce7 19. h3 Qc6 20. 0-0-0 Rc8 21. Qe2 Qa4 22. Kb2 Nc6 23. c3 Na5 24. Qc2 Nc4+ 25. Kc1 Qxa3+ 26. Kb1 Nce3 27. Bxe3 Nxe3 28. Qb2 Qxb2+ 29. Kxb2 Nxd1+ 30. Rxd1 Rh4 31. Rf1 g6 32. Ra1 a5 33. Rf1 Rc4 34. Rf3 b5 35. Kb3 b4 36. cxb4 axb4 37. Rd3 Rxf4 0-1